000 00790nam a2200253 i 4500
999 _c22677
_d22677
001 C00601649
003 OSt
005 20230109124427.0
007 ta
008 211012s2020 pe a gr 000 p und
020 _a9786124821820
040 _cBMC
041 _aspa
082 _a940.144/M18H
100 _aMoreno Jeria, Rodrigo
_948849
245 _aEl humanismo, las huellas de la innovación :
_bdesde Dante Alighieri hasta Filippo Brunelleschi /
_cRodrigo Moreno Jeria
250 _aPrimera edición.
264 3 1 _aLima :
_bErnst & Young Asesores,
_c2020.
300 _a181 páginas :
_bil. col., facsíms., mapas, retrs. ;
_c23 cm.
650 _aHistoria universal
_91423
650 _aHumanismo
_948858
710 _aErnst & Young Asesores (Lima)
_948856
942 _2ddc
_cLIBROS